The cultural industries

Αποθηκεύτηκε σε:
Λεπτομέρειες βιβλιογραφικής εγγραφής
Κύριος συγγραφέας: Hesmondhalgh, David 1963-
Μορφή: Βιβλίο
Γλώσσα:English
Δημοσίευση: London : SAGE, c2002
Θέματα:
Ετικέτες: Προσθήκη ετικέτας
Δεν υπάρχουν, Καταχωρήστε ετικέτα πρώτοι!

MARC

LEADER 00000nam a2200000 i 4500
001 1/77222
008 050525s2002 eng d
020 |a 0-7619-5453-8 (pbk) 
035 |l 10078185 
040 |a GR-MY-UA  |b gre  |e aacr 
041 0 |a eng 
082 0 |a 302.23  |2 (22) 
100 1 |a Hesmondhalgh, David  |d 1963- 
245 1 4 |a The cultural industries /  |c David Hesmondhalgh 
260 |a London :   |b SAGE,   |c c2002 
300 |a xiv, 290 σ.;  |c 25 εκ. 
504 |a Βιβλιογραφία: σ. 267-280. Ευρετήριο 
650 0 0 |a Cultural industries. 
852 |a INST  |b LESVOS  |e 20050525  |h 302.23 HES  |p 005100027593  |q 005100027593  |t BK  |y 0 
852 |a INST  |b SYROS  |e 20061121  |h 302.23 HES  |p 005500007439  |q 005500007439  |t BK  |y 0 
901 |a BIBL1-2005-2 
901 |a BIBL5-2007-1 
909 |a Λ  |b 113590 
909 |a Ε  |b 130038 
920 |a ΔΙΕΥΡΥΝΣΗ  |b ΕΠΕΑΕΚ-ΠΤΕ  |y ΛΕΣΒΟΣ  |z 2004-10 
922 |a 5ΕΛΗ  |b 200611  |c ΒΙΒΛΙΟΘΗΚΗ ΣΥΡΟΥ  |d GLORYBOOK 
950 |a 188-2006-10-20 
970 |a ΚΑΡΑ  |b ΓΙΑΣΕΜΗ  |z 2005/05/25